Diez años en la vida de los españoles / (Record no. 56805)

MARC details
000 -LEADER
campo de control de longitud fija 00738nam a2200229 i 4500
001 - NÚMERO DE CONTROL
campo de control 56805
003 - IDENTIFICADOR DE NÚMERO DE CONTROL
campo de control ES-MaACL
005 - FECHA Y HORA DE LA ÚLTIMA TRANSACCIÓN
campo de control 20230906163440.0
007 - CAMPO FIJO DE DESCRIPCIÓN FÍSICA--INFORMACIÓN GENERAL
campo de control de longitud fija t|
008 - DATOS DE LONGITUD FIJA--INFORMACIÓN GENERAL
campo de control de longitud fija 031013s1986 sp ||||1| spa d
020 ## - NÚMERO INTERNACIONAL ESTÁNDAR DEL LIBRO
Número Internacional Estándar del Libro 84-01-33
245 00 - MENCIÓN DEL TÍTULO
Título Diez años en la vida de los españoles /
Mención de responsabilidad, etc. Juan María Laboa...[et al.].
250 ## - MENCION DE EDICION
Mención de edición [1ª ed.].
260 ## - PUBLICACIÓN, DISTRIBUCIÓN, ETC.
Lugar de publicación, distribución, etc. Esplugues de Llobregat (Barcelona) :
Nombre del editor, distribuidor, etc. Plaza & Janés,
Fecha de publicación, distribución, etc. 1986.
300 ## - DESCRIPCIÓN FÍSICA
Extensión 268 p. ;
Dimensiones 22 cm.
490 1# - MENCIÓN DE SERIE
Mención de serie Epoca
500 ## - NOTA GENERAL
Nota general Conjunto de ponencias presentadas en el seminario "diez años en la vida de los españoles" (Cuenca, 1985)
700 1# - ENTRADA AGREGADA--NOMBRE PERSONAL
Nombre de persona Laboa, Juan María.
9 (RLIN) 69241
830 0# - PUNTO DE ACCESO ADICIONAL DE SERIE-TÍTULO UNIFORME
Título uniforme Epoca
9 (RLIN) 183351
852 ## - LOCALIZACIÓN
Ubicación ES-MaACL
Número de control de estantería L-10514
Sublocalización o colección R.111595
Holdings
Estatus retirado Estado de pérdida Estado de daño No para préstamo Biblioteca de origen Biblioteca actual Ubicación en estantería Fecha de adquisición Fuente de adquisición Total de préstamos Signatura topográfica completa Código de barras Visto por última vez Precio de reemplazo Tipo de ítem Koha
        Biblioteca del Ateneo de Madrid Biblioteca del Ateneo de Madrid Depósito 2 17/01/2008     L-10514 1059648 23/02/2023 23/02/2023 Libro impreso